Partial differential equations

Αποθηκεύτηκε σε:
Λεπτομέρειες βιβλιογραφικής εγγραφής
Κύριος συγγραφέας: Friedman, Avner
Μορφή: Βιβλίο
Γλώσσα:English
Δημοσίευση: New York : Dover, c1997
Θέματα:
Ετικέτες: Προσθήκη ετικέτας
Δεν υπάρχουν, Καταχωρήστε ετικέτα πρώτοι!

MARC

LEADER 00000nam a2200000 i 4500
001 1/24642
008 130117s1997 eng d
020 |a 978-0-486-46919-5 (pbk.) 
035 |l 10113491 
040 |a GR-MY-UA  |b gre  |e aacr 
041 0 |a eng 
082 0 |a 515.353  |2 (22) 
100 1 |a Friedman, Avner. 
245 1 0 |a Partial differential equations /  |c Avner Friedman 
260 |a New York :   |b Dover,   |c c1997 
300 |a 262 σ.;  |c 24 εκ. 
504 |a Βιβλιογραφία: σ.255-260 
504 |a Ευρετήριο: σ.261-262 
650 0 0 |a Differential equations. 
852 |a INST  |b CHIOS  |e 20130117  |h 515.353 FRI  |p 005200035578  |q 005200035578  |t BK  |y 0 
901 |a BIBL2-2013-1 
909 |a Χ  |b 177218 
922 |a 2ΕΛΗ  |b 201210  |c ΤΑΚ/ΤΜΟΔ  |d ΙΩΑΝΝΙΔΟΥ 
970 |a ΣΠΕΝΤΖΑ  |b ΕΛΕΝΗ  |z 2013/01/17